|
|
|
|
| LEADER |
01088nam a2200277 a 4500 |
| 001 |
1633046 |
| 008 |
091122s1996 enka b 001 0 eng d |
| 010 |
|
|
|a \\\96004184
|
| 020 |
|
|
|a 0415144272
|
| 020 |
|
|
|a 0415144280
|
| 040 |
|
|
|a DLC
|c DLC
|d DLC
|
| 082 |
0 |
0 |
|a 330
|2 20
|
| 245 |
0 |
2 |
|a A guide to modern economics /
|c edited by David Greenaway, Michael Bleaney, and Ian Stewart.
|
| 260 |
|
|
|a London ;
|a New York :
|b Routledge,
|c 1996-
|
| 300 |
|
|
|a v. <1 > :
|b ill. ;
|c 24 cm.
|
| 500 |
|
|
|a Prev. published in one vol. under title: Companion to contemporary economic thought. 1991.
|
| 504 |
|
|
|a Includes bibliographical references and index.
|
| 541 |
1 |
|
|e 00010912
|
| 650 |
|
0 |
|a Economics.
|
| 700 |
1 |
|
|a Greenaway, David.
|
| 700 |
1 |
|
|a Bleaney, M. F.
|
| 700 |
1 |
|
|a Stewart, Ian M. T.
|
| 730 |
0 |
|
|a Companion to contemporary economic thought.
|
| 852 |
4 |
|
|a Ayesha Abed Library
|j General shelf
|
| 999 |
|
|
|c 5762
|d 5762
|
| 952 |
|
|
|0 0
|1 0
|2 ddc
|4 0
|6 330_GUI
|7 0
|9 5701
|a BRACUL
|b BRACUL
|c GEN
|d 2009-11-22
|g 0.00
|l 0
|o 330 GUI
|p 3010010912
|r 2009-11-22
|t 1
|w 2009-11-22
|y BK
|x No price found in the accession register.
|